000 01623nam0a2200361 i 4500
001 RU\NLR\bibl\2028137
005 20260409072324.0
010 _a9785358124387
_92000
021 _aRU
_b2013-27010
_91868
035 _a(NLR Aleph) 002016075
090 _a4482023
_c4482023
100 _a20130425d2013 u y0rusy50 ca
101 0 _arus
102 _aRU
105 _aa |||||||||
200 1 _aВ деревне
_e[для дошкольного возраста
_eсоответствует Федеральным государственным требованиям]
_fЕлена Запесочная
_g[ил. авт.]
210 _aМосква
_cДрофа
_d2013
215 _a[1], 16, [1] с.
_cцв. ил.
_d26
225 1 _aОбразовательные области ФГТ
225 1 _aВокруг есть мир!
225 1 _aДиалог
_iПрограммно-методический комплекс
333 _a0 +
606 _aДошкольники
_xОзнакомление с окружающей жизнью
_3RU\NLR\auth\66999152
_91593269
686 _aЧ491.31-1
700 1 _4070
_8rus
_7ca
_aЗапесочная
_bЕ. А.
_cхудожник
_gЕлена Алексеевна
_3RU\NLR\auth\7774422
_957350
702 1 _4440
_8rus
_7ca
_aЗапесочная
_bЕ. А.
_cхудожник
_gЕлена Алексеевна
_3RU\NLR\auth\7774422
_957350
801 0 _aRU
_bNLR
_c20130425
_gRCR
801 1 _aRU
_bNLR
_c20130425
830 _aавт. по базе
942 _cBOOK
980 _aNBR